000 00685nam a2200217Ii 4500
003 JO-AjNU
008 230605s9999||||xx |||||||||||||| ||und||
017 _a2766
020 _a977-05-1508-6
040 _aJO-AjNU
_bara
_erda
_cJO-AjNU
041 _aara
050 1 4 _aPJ6171.I2722 2010
100 3 _aتأليف أنيس، إبراهيم,
_eauthor
_934383
245 0 0 _aموسيقى الشعر
264 3 1 _aالقاهرة: مكتبة الأنجلو المصرية، 2010
300 _a341ص
336 _atext
_btxt
_2rdacontent
337 _aunmediated
_bn
_2rdamedia
338 _avolume
_bnc
_2rdacarrier
650 4 _aالشعر العربي - موسيقى الشعر
_934384
999 _aA14093
_c17661
_d17661